[Event "XXX Olimpiadi"]
[Site "Manila PHI"]
[Date "1992.06.20"]
[Round "11.3"]
[White "Arlandi, Ennio"]
[Black "Mokry, Karel"]
[Result "1/2-1/2"]
[WhiteElo "2420"]
[BlackElo "2535"]
[Annotator "ITA-CSR"]
[PlyCount "122"]
[EventDate "1992.06.08"]

1. d4 d6 2. Nf3 Bg4 3. c4 Nd7 4. e4 e5 5. Be2 Be7 6. Nc3 Bxf3 7. Bxf3 Bg5 8.
O-O Bxc1 9. Rxc1 Ne7 10. Ne2 O-O 11. c5 dxc5 12. dxc5 Nc6 13. Qb3 Qb8 14. Rfd1
Nf6 15. g3 a5 16. Rd2 Qa7 17. Qc3 a4 18. Bg2 Qa5 19. f4 Rfe8 20. Qxa5 Nxa5 21.
Nc3 Nc4 22. Re2 c6 23. b3 axb3 24. axb3 Na3 25. Ra2 Nb5 26. Rxa8 Rxa8 27. Nxb5
cxb5 28. fxe5 Ng4 29. e6 fxe6 30. e5 Rb8 31. Re1 Rc8 32. b4 Rc7 33. h3 Nh6 34.
Ra1 Nf5 35. Ra8+ Kf7 36. Ra7 Nd4 37. Rxb7 Rxb7 38. Bxb7 Ke7 39. Be4 h6 40. Kf2
Kd7 41. Ke3 Nc6 42. Bd3 Nxb4 43. Bxb5+ Kc7 44. Kf4 Nc6 45. h4 Ne7 46. Be8 Nc6
47. Ke4 Ne7 48. Ba4 Nf5 49. Kf4 Ne7 50. Bb3 Kd7 51. Bc4 Ng6+ 52. Ke4 Ne7 53. g4
Ng6 54. h5 Ne7 55. Bb3 Nc6 56. Kf4 Nd8 57. Ba4+ Kc7 58. Ke3 Nc6 59. Ke4 Nd8 60.
Kf4 Nf7 61. Be8 Ng5 1/2-1/2

[Event "XXX Olimpiadi"]
[Site "Manila PHI"]
[Date "1992.06.20"]
[Round "11.4"]
[White "Hracek, Zbynek"]
[Black "D'Amore, Carlo"]
[Result "1-0"]
[WhiteElo "2460"]
[BlackElo "2405"]
[Annotator "ITA-CSR"]
[PlyCount "81"]
[EventDate "1992.06.08"]

1. e4 e5 2. Nf3 Nc6 3. Bb5 Nge7 4. Nc3 Ng6 5. d4 exd4 6. Nxd4 Bc5 7. Be3 Bxd4
8. Bxd4 O-O 9. O-O d6 10. f4 f5 11. g3 fxe4 12. Nxe4 Bf5 13. Nf2 Nxd4 14. Qxd4
c6 15. Bc4+ d5 16. Bb3 Qb6 17. c3 Kh8 18. Qxb6 axb6 19. Rfe1 Rfd8 20. Rad1 Nf8
21. g4 Bg6 22. Kg2 Nd7 23. f5 Bf7 24. a3 Kg8 25. Kg3 Kf8 26. Bc2 Nc5 27. Rd2
Rd6 28. g5 Rad8 29. Rd4 Na6 30. Rh4 Bg8 31. g6 hxg6 32. fxg6 Re6 33. Rxe6 Bxe6
34. Nd3 Rc8 35. Nf4 Bg8 36. Rh8 Nc5 37. h4 Ne6 38. Nxe6+ Ke7 39. Bf5 Re8 40. h5
Kd6 41. Kf4 1-0

[Event "XXX Olimpiadi"]
[Site "Manila PHI"]
[Date "1992.06.21"]
[Round "12.1"]
[White "Bouaziz, Slim"]
[Black "Garcia Palermo, Carlos Horacio"]
[Result "0-1"]
[WhiteElo "2385"]
[BlackElo "2465"]
[Annotator "ITA-TUN"]
[PlyCount "86"]
[EventDate "1992.06.08"]

1. d4 d5 2. c4 dxc4 3. Qa4+ c6 4. Qxc4 Nf6 5. Nc3 Bf5 6. Nf3 e6 7. g3 Na6 8. a3
Ne4 9. Bg2 Nxc3 10. bxc3 Be4 11. O-O Be7 12. Qb3 c5 13. Nh4 Bxg2 14. Nxg2 Qd7
15. Rb1 cxd4 16. cxd4 b6 17. Bb2 O-O 18. Rfd1 Rfd8 19. e4 Rac8 20. f3 Nc7 21.
a4 b5 22. axb5 Qxb5 23. Bc3 Qxb3 24. Rxb3 Nb5 25. Rxb5 Rxc3 26. Ra1 Rc7 27. d5
Bc5+ 28. Kf1 exd5 29. Rc1 Rdc8 30. exd5 Bb6 31. Rxc7 Rxc7 32. Ne3 Kf8 33. Ke2
Rc3 34. Nd1 Rc2+ 35. Kd3 Rxh2 36. Ne3 Rf2 37. Nc4 Rxf3+ 38. Ke4 Rxg3 39. d6
Rg4+ 40. Kd3 Ke8 41. Rd5 f6 42. d7+ Kd8 43. Kc3 h5 0-1

[Event "XXX Olimpiadi"]
[Site "Manila PHI"]
[Date "1992.06.21"]
[Round "12.3"]
[White "Hmadi, Slaheddine"]
[Black "Tatai, Stefano"]
[Result "0-1"]
[WhiteElo "2330"]
[BlackElo "2410"]
[Annotator "ITA-TUN"]
[PlyCount "76"]
[EventDate "1992.06.08"]

1. e4 e6 2. d4 d5 3. e5 c5 4. Nf3 Nc6 5. Bd3 cxd4 6. O-O Bc5 7. a3 a6 8. Re1
Nge7 9. Bf4 Ng6 10. Bg3 O-O 11. Nbd2 f5 12. exf6 gxf6 13. Nb3 Bb6 14. Qd2 Rf7
15. Qh6 Qf8 16. Qh5 Qg7 17. Rad1 e5 18. Bf5 Nge7 19. Bxc8 Rxc8 20. Re2 Rff8 21.
Qh3 Ng6 22. Qe6+ Qf7 23. Qf5 Rfd8 24. h4 Nge7 25. Qh3 Kh8 26. h5 Rg8 27. Kf1
Rcd8 28. Bh4 Rg7 29. Qh2 Rdg8 30. Qh3 Rg4 31. Nh2 Rxg2 32. Bg3 R2xg3 33. fxg3
e4 34. Rg2 f5 35. Re1 Qf6 36. Rf2 d3 37. Rf4 dxc2 38. Rc1 Ne5 0-1

[Event "XXX Olimpiadi"]
[Site "Manila PHI"]
[Date "1992.06.21"]
[Round "12.4"]
[White "Braga, Fernando Alberto"]
[Black "Doghri, Nabil"]
[Result "1-0"]
[WhiteElo "2405"]
[BlackElo "2300"]
[Annotator "ITA-TUN"]
[PlyCount "47"]
[EventDate "1992.06.08"]

1. d4 Nf6 2. Nf3 e6 3. Bf4 Nh5 4. Bd2 c5 5. e4 Nf6 6. e5 Ne4 7. Nc3 Nxd2 8.
Qxd2 cxd4 9. Nxd4 d6 10. Bb5+ Bd7 11. exd6 a6 12. Bxd7+ Qxd7 13. Ne4 e5 14.
O-O-O Qa4 15. Rhe1 Nd7 16. Nb3 Rc8 17. f4 g6 18. fxe5 Qxa2 19. e6 fxe6 20. Nf6+
Kd8 21. Nxd7 Kxd7 22. Qe3 Re8 23. Rf1 e5 24. Qh3+ 1-0

[Event "XXX Olimpiadi"]
[Site "Manila PHI"]
[Date "1992.06.22"]
[Round "13.3"]
[White "Tatai, Stefano"]
[Black "Ye, Rongguang"]
[Result "1/2-1/2"]
[WhiteElo "2410"]
[BlackElo "2515"]
[Annotator "ITA-CHN"]
[PlyCount "47"]
[EventDate "1992.06.08"]

1. e4 e5 2. Nf3 Nf6 3. Nxe5 d6 4. Nf3 Nxe4 5. d4 d5 6. Bd3 Bd6 7. O-O O-O 8. c4
c6 9. Nc3 Nxc3 10. bxc3 dxc4 11. Bxc4 Bg4 12. Qd3 Bh5 13. Re1 Bg6 14. Qd1 Nd7
15. Bg5 Qc7 16. Qb3 b5 17. Be2 h6 18. Bh4 Be4 19. Bg3 Rab8 20. a4 a6 21. axb5
axb5 22. Nd2 Bd5 23. Qc2 c5 24. Bf3 1/2-1/2

[Event "XXX Olimpiadi"]
[Site "Manila PHI"]
[Date "1992.06.22"]
[Round "13.4"]
[White "Wang, Zili"]
[Black "D'Amore, Carlo"]
[Result "1/2-1/2"]
[WhiteElo "2495"]
[BlackElo "2405"]
[Annotator "ITA-CHN"]
[PlyCount "35"]
[EventDate "1992.06.08"]

1. e4 e5 2. Nf3 Nc6 3. Bb5 a6 4. Ba4 Nf6 5. O-O Nxe4 6. d4 b5 7. Bb3 d5 8. dxe5
Be6 9. Nbd2 Bc5 10. c3 O-O 11. Bc2 Nxf2 12. Rxf2 f6 13. exf6 Qxf6 14. Nb3 Bxf2+
15. Kxf2 Ne5 16. Kf1 Rae8 17. Be3 Nxf3 18. Qxf3 1/2-1/2

[Event "XXX Olimpiadi"]
[Site "Manila PHI"]
[Date "1992.06.24"]
[Round "14.3"]
[White "Braga, Fernando Alberto"]
[Black "Imanaliev, Taalaibek"]
[Result "1/2-1/2"]
[WhiteElo "2405"]
[BlackElo "2355"]
[Annotator "ITA-KGZ"]
[PlyCount "47"]
[EventDate "1992.06.08"]

1. e4 e5 2. Nf3 Nc6 3. Bb5 a6 4. Ba4 Nf6 5. d4 Nxd4 6. Nxd4 exd4 7. e5 Ne4 8.
Qxd4 Nc5 9. O-O Be7 10. Nc3 O-O 11. Nd5 b5 12. Bb3 Nxb3 13. axb3 Bb7 14. Rd1
Bc6 15. Bf4 Re8 16. Rd3 Bf8 17. Rad1 Re6 18. Bg3 d6 19. exd6 Bxd6 20. Nxc7 Qxc7
21. Bxd6 Qb7 22. Bb4 Rae8 23. f3 f6 24. Re1 1/2-1/2